Rocket League - Wszystkie Profesjonalne Drużyny - Statystyki

Ogólne statystyki
  • Ten quiz został rozwiązany 174 razy
  • Średni wynik to 3 z 29
Statystyki odpowiedzi
Data założenia Drużyna % Poprawnych
12.02.2018 Renault Vitality
55%
01.10.2016 NRG Esports
54%
07.09.2016 G2 Esports
51%
28.07.2017 Cloud9
39%
23.01.2018 Dignitas
20%
04.04.2019 FC Barcelona
17%
22.09.2017 PSG Esports
17%
04.01.2019 Team SoloMid
7%
30.07.2018 mousesports
6%
29.07.2018 The Peeps
3%
10.11.2017 Triple Trouble
3%
20.01.2019 ARG
2%
07.06.2017 Method
2%
2015 Splyce
2%
06.05.2018 The Bricks
2%
06.08.2018 Afterthought
1%
19.08.2017 Avant Gaming
1%
??-07.2017 Deceptors
1%
07.03.2018 Exalty
1%
18.11.2018 Lights Out!
1%
09.02.2018 Nordavind
1%
05.08.2018 RBG Esports
1%
26.02.2019 Regalia
1%
26.04.2018 ROAR
1%
27.09.2018 Team Echo Zulu
1%
06.08.2017 The D00ds
1%
08.12.2018 Triple Commit
1%
14.02.2019 Veloce Esports
1%
07.08.2017 Upper 90 Esports
0%
Nie znaleziono quizów pasujących do podanych kryteriów
Rozkład punktacji
Procent ludzi z każdym wynikiem
Percentyl według liczby udzielonych odpowiedzi
Twoja historia wyników
Nie rozwiązałeś tego quizu